000 00659nam a2200181Ia 4500
008 100921s9999 xx 000 0 und d
082 _b34493
_a891.461 न 00
100 _aमंजुळ वा.ल.संपा.
245 _aकृष्णदयार्णवामृत.
260 _bकोपर्डेकर हेमचंद्र दयार्णव.
_c2000
300 _a221
_b---
365 _b125
520 _aललित-काव्य.
630 _aकृष्णदयार्णवामृत.
650 _aललित-काव्य.
730 _aकृष्णदयार्णवामृत.
942 _cBOOK
999 _c783606
_d783603